Deep Learning for NLP and Speech Recognition

With the widespread adoption of deep learning, natural language processing (NLP),and speech applications in many areas (including Finance, Healthcare, and Government) there is a growing need for one comprehensive resource that maps deep learning techniques to NLP and speech and provides insights int...

Full description

Bibliographic Details
Main Authors: Kamath, Uday (Author, http://id.loc.gov/vocabulary/relators/aut), Liu, John (http://id.loc.gov/vocabulary/relators/aut), Whitaker, James (http://id.loc.gov/vocabulary/relators/aut)
Corporate Author: SpringerLink (Online service)
Format: Electronic eBook
Language:English
Published: Cham : Springer International Publishing : Imprint: Springer, 2019.
Edition:1st ed. 2019.
Subjects:
Online Access:Full Text via HEAL-Link
LEADER 04728nam a2200505 4500
001 978-3-030-14596-5
003 DE-He213
005 20191022112315.0
007 cr nn 008mamaa
008 190610s2019 gw | s |||| 0|eng d
020 |a 9783030145965  |9 978-3-030-14596-5 
024 7 |a 10.1007/978-3-030-14596-5  |2 doi 
040 |d GrThAP 
050 4 |a Q334-342 
072 7 |a UYQ  |2 bicssc 
072 7 |a COM004000  |2 bisacsh 
072 7 |a UYQ  |2 thema 
082 0 4 |a 006.3  |2 23 
100 1 |a Kamath, Uday.  |e author.  |4 aut  |4 http://id.loc.gov/vocabulary/relators/aut 
245 1 0 |a Deep Learning for NLP and Speech Recognition   |h [electronic resource] /  |c by Uday Kamath, John Liu, James Whitaker. 
250 |a 1st ed. 2019. 
264 1 |a Cham :  |b Springer International Publishing :  |b Imprint: Springer,  |c 2019. 
300 |a XXVIII, 621 p. 313 illus., 300 illus. in color.  |b online resource. 
336 |a text  |b txt  |2 rdacontent 
337 |a computer  |b c  |2 rdamedia 
338 |a online resource  |b cr  |2 rdacarrier 
347 |a text file  |b PDF  |2 rda 
505 0 |a Notation xv -- Part 1: Machine Learning, NLP, and Speech Introduction -- Chapter 1 Introduction 1 -- Chapter 2 Basics of Machine Learning 2 -- Chapter 3 Text and Speech Basics 49 -- Part 2: Deep Learning Basics -- Chapter 4 Basics of Deep Learning 105 -- Chapter 5 Distributed Representations 213 -- Chapter 6 Convolutional Neural Networks 275 -- Chapter 7 Recurrent Neural Networks 329 -- Chapter 8 Automatic Speech Recognition 387 -- Part 3: Advance Deep Learning Techniques for Text and Speech -- Chapter 9 Attention and Memory Augmented Networks 429 -- Chapter 10 Transfer learning: Scenarios, Self-Taught Learning, and Multitask Learning 485 -- Chapter 11 Transfer Learning: Domain Adaptation 515 -- Chapter 12 End-to-end Speech Recognition 559 -- Chapter 13 Deep Reinforcement Learning for Text and Speech 601 -- Future Outlook 647. 
520 |a With the widespread adoption of deep learning, natural language processing (NLP),and speech applications in many areas (including Finance, Healthcare, and Government) there is a growing need for one comprehensive resource that maps deep learning techniques to NLP and speech and provides insights into using the tools and libraries for real-world applications. Deep Learning for NLP and Speech Recognition explains recent deep learning methods applicable to NLP and speech, provides state-of-the-art approaches, and offers real-world case studies with code to provide hands-on experience. The book is organized into three parts, aligning to different groups of readers and their expertise. The three parts are: Machine Learning, NLP, and Speech Introduction The first part has three chapters that introduce readers to the fields of NLP, speech recognition, deep learning and machine learning with basic theory and hands-on case studies using Python-based tools and libraries. Deep Learning Basics The five chapters in the second part introduce deep learning and various topics that are crucial for speech and text processing, including word embeddings, convolutional neural networks, recurrent neural networks and speech recognition basics. Theory, practical tips, state-of-the-art methods, experimentations and analysis in using the methods discussed in theory on real-world tasks. Advanced Deep Learning Techniques for Text and Speech The third part has five chapters that discuss the latest and cutting-edge research in the areas of deep learning that intersect with NLP and speech. Topics including attention mechanisms, memory augmented networks, transfer learning, multi-task learning, domain adaptation, reinforcement learning, and end-to-end deep learning for speech recognition are covered using case studies. . 
650 0 |a Artificial intelligence. 
650 0 |a Computational intelligence. 
650 0 |a Python (Computer program language). 
650 1 4 |a Artificial Intelligence.  |0 http://scigraph.springernature.com/things/product-market-codes/I21000 
650 2 4 |a Computational Intelligence.  |0 http://scigraph.springernature.com/things/product-market-codes/T11014 
650 2 4 |a Python.  |0 http://scigraph.springernature.com/things/product-market-codes/I29080 
700 1 |a Liu, John.  |e author.  |4 aut  |4 http://id.loc.gov/vocabulary/relators/aut 
700 1 |a Whitaker, James.  |e author.  |4 aut  |4 http://id.loc.gov/vocabulary/relators/aut 
710 2 |a SpringerLink (Online service) 
773 0 |t Springer eBooks 
776 0 8 |i Printed edition:  |z 9783030145958 
776 0 8 |i Printed edition:  |z 9783030145972 
776 0 8 |i Printed edition:  |z 9783030145989 
856 4 0 |u https://doi.org/10.1007/978-3-030-14596-5  |z Full Text via HEAL-Link 
912 |a ZDB-2-SCS 
950 |a Computer Science (Springer-11645)